书目信息 |
| 题名: |
彩色摄影
|
|
| 作者: | 徐振亚 编 | |
| 分册: | ||
| 出版信息: | 呼和浩特 内蒙古人民出版社 1973.09 |
|
| 页数: | 140页 | |
| 开本: | 18cm | |
| 丛书名: | ||
| 单 册: | ||
| 中图分类: | TB861 | |
| 科图分类: | ||
| 主题词: | 摄影--各种 , 摄影技术--各种 | |
| 电子资源: | ||
| ISBN: | ||
| 000 | 00573nam0 2200217 45 | |
| 001 | 0405201531 | |
| 005 | 20040520153836.0 | |
| 010 | @dCNY0.56 | |
| 091 | @a8089.16 | |
| 100 | @a20040520d1973 km y0chiy0120 ea | |
| 101 | 0 | @achi |
| 105 | @a z 000yy | |
| 200 | 1 | @a彩色摄影@ACai Se She Ying@f徐振亚编@FXu Zhen Ya Bian |
| 210 | @a呼和浩特@c内蒙古人民出版社@d1973.09 | |
| 215 | @a140页@d18cm | |
| 606 | 0 | @a摄影@x各种 |
| 606 | 0 | @a摄影技术@x各种 |
| 690 | @aTB861@v3 | |
| 701 | 0 | @a徐振亚@4编 |
| 801 | @aCN@bPftUser@c20040520 | |
| 905 | @f2@b8974-975@f1@b8977@dTB861@e1 | |
| 彩色摄影/徐振亚编.-呼和浩特:内蒙古人民出版社,1973.09 |
| 140页;18cm |
| ISBN :CNY0.56 |
| ● |
| 相关链接 |
|
|
|
|
正题名:彩色摄影
索取号:TB861/1
 
预约/预借
| 序号 | 登录号 | 条形码 | 馆藏地/架位号 | 状态 | 备注 |
| 1 | 0008972 | 001359728 | 第二样本阅览室/ [索取号:TB861/1] | 在馆 | |
| 2 | 0008974 | 001359737 | 密集书库/ [索取号:TB861/1] | 在馆 | |
| 3 | 0008975 | 001359719 | 第三借阅区/ [索取号:TB861/1] | 在馆 | |
| 4 | 0008977 | 001361154 | 密集书库/ [索取号:TB861/1] | 在馆 |